<?xml version="1.0" encoding="UTF-8"?>
<marc:record xmlns:marc="http://www.loc.gov/MARC21/slim">
   <marc:leader>00000nam a2200000 a 4500</marc:leader>
   <marc:datafield ind1="1" ind2=" " tag="100">
      <marc:subfield code="a">Moyes, Jojo</marc:subfield>
      <marc:subfield code="4">aut</marc:subfield>
      <marc:subfield code="e">Verfasser/-in</marc:subfield>
   </marc:datafield>
   <marc:datafield ind1=" " ind2=" " tag="653">
      <marc:subfield code="a">Gemälde</marc:subfield>
   </marc:datafield>
   <marc:datafield ind1=" " ind2=" " tag="653">
      <marc:subfield code="a">Erster Weltkrieg</marc:subfield>
   </marc:datafield>
   <marc:datafield ind1=" " ind2=" " tag="653">
      <marc:subfield code="a">Liebe</marc:subfield>
   </marc:datafield>
   <marc:datafield ind1="0" ind2="0" tag="245">
      <marc:subfield code="a">Ein Bild von dir</marc:subfield>
   </marc:datafield>
   <marc:datafield ind1="0" ind2="0" tag="245">
      <marc:subfield code="c">Jojo Moyes</marc:subfield>
   </marc:datafield>
   <marc:datafield ind1=" " ind2="1" tag="264">
      <marc:subfield code="a">Reinbek b. Hamburg</marc:subfield>
      <marc:subfield code="b">Rowohlt-Taschenbuch-Verl.</marc:subfield>
   </marc:datafield>
   <marc:datafield ind1="1" ind2=" " tag="520">
      <marc:subfield code="a">Wärend um sie herum der Erste Weltkrieg tobt, versucht Sophie stark zu sein- für ihre Familie, für ihren Mannn Edouard, der auf Seiten Frankreichs kämpft. Nur ein Gemälde ist ihr geblieben, das sie an ihr gemeinsames Glück erinnert. Ein Portät, das Edouard von ihr malte. Und das ihn retten sollte. Hunder Jahre später trauert Liv um ihren Mann David, vor vier Jahren viel zu früh gestorben. Livs kostbarster Besitz, ein Gemälde soll ihr genommen werden, doch Liv ist bereit alles dafür zu opfern.</marc:subfield>
   </marc:datafield>
   <marc:datafield ind1=" " ind2=" " tag="020">
      <marc:subfield code="a">3499269724</marc:subfield>
      <marc:subfield code="9">3499269724</marc:subfield>
   </marc:datafield>
</marc:record>
